000 00311nam a2200121Ia 4500
008 220204s9999 xx 000 0 und d
082 _a582.28:581.557
_bCOO
100 _aCOOKE, Roderic
245 0 _aBiology of symbiotic fungi.
260 _aLondon
_bJohn Wiley
_c1977
650 _aSymbiotic fungi
942 _cBK
999 _c27603
_d27603